000 01062nam2a22002411 4500
001 RU\NLR\INFOCOMM17\1000391529
005 20250617143821.0
035 _a(NLR Aleph) 002714046
090 _a1812518
_c1812518
100 _a20040218d1920 |||y0rusy50 ca
101 0 _arus
102 _aRU
105 _ay |||||||||
200 1 _a1917
210 _d1920
_aБ. м.
461 0 _1001RU\NLR\INFOCOMM17\1000391524
_12001#$aИзвестия Дальневосточного геофизического института$fСССР. Гидрометеорол. ком. РСФСР$vВып.5
_91812493
_aДальневосточный геофизический институт (Владивосток)
_cВладивосток
_d1913-1932
_fСССР. Гидрометеорол. ком. РСФСР
_tИзвестия Дальневосточного геофизического института
_vВып.5
801 1 _aRU
_bInfoComm
_c20040218
801 0 _aRU
_bNLR
_gPSBO
852 _aNLR
_jП7/569
942 _cISSUE
980 _aNB
980 _aRUSPER